Let the children march (Record no. 118374)

MARC details
000 -LÍDER
campo de controle de tamanho fixo 01048 a2200253 4500
001 - NÚMERO DE CONTROLE
campo de controle 118374
020 ## - ISBN - INTERNATIONAL STANDARD BOOK NUMBER
ISBN - International Standard Book Number 9780544704527
020 ## - ISBN - INTERNATIONAL STANDARD BOOK NUMBER
Informação qualificadora hardcover
041 ## - CÓDIGO DE IDIOMA
Código do idioma do texto/trilha sonora ou título diferente eng
082 ## - CDD - CLASSIFICAÇÃO DECIMAL DE DEWEY
Número de Classificação [E]
040 ## - FONTE DA CATALOGAÇÃO
Instituição da catalogação original BR-BrIDEA
Instituição que transcreveu o registro BR-BrIDEA
090 ## - NÚMERO DE CHAMADA LOCAL
Número de chamada (OCLC) (R); Número de chamada, CALL (RLIN) (NR) IB Year 3 [E]
Número Cutter local (OCLC); Número de classificação do livro, CALL (RLIN) CLA
100 ## - ENTRADA PRINCIPAL--NOME PESSOAL
Nome pessoal Clark-Robinson, Monica
245 10 - TÍTULO
Título Let the children march
Indicação de responsabilidade, etc. Monica Clark-Robinson ; Illustrated by Frank Morrison .
260 ## - PUBLICAÇÃO, DISTRIBUIÇÃO, ETC.
Local de publicação, distribuição, etc. New York
Nome do editor, distribuidor, etc. Houghton Mifflin
Data da publicação, distribuição, etc. 2018
300 ## - DESCRIÇÃO FÍSICA
Extensão 1 v. (unpaged)
Outros detalhes físicos col. ill.
500 ## - NOTA GERAL
Nota geral IB Program. Uso restrito aos professores.
520 ## - NOTA DE RESUMO, ETC
Resumo, etc. In 1963 Birmingham, Alabama, thousands of African American children volunteered to march for their rights after hearing Dr. Martin Luther King Jr. speak. They protested the laws that kept black people separate from white people. Facing fear, hate, and danger, these children used their voices to change the world.
697 ## - ENTRADA DE ASSUNTO LOCAL--ENTIDADE COLETIVA (RLIN)
Nome corporativo ou nome da jurisdição Civil rights - United States - History
697 ## - ENTRADA DE ASSUNTO LOCAL--ENTIDADE COLETIVA (RLIN)
Nome corporativo ou nome da jurisdição Historical fiction
700 ## - ENTRADA ADICIONADA - NOME PESSOAL
Nome pessoal Morrison, Frank
Função do autor por extenso illustrator
856 ## - LOCALIZAÇÃO ELETRÔNICA E ACESSO
Uniform Resource Identifier <a href="000030/00003021.jpg">000030/00003021.jpg</a>
942 ## - ELEMENTOS DE ENTRADA ADICIONADOS (KOHA)
Tipo de material Koha Livros
Holdings
Situação do descarte Situação das perdas Fonte da classificação ou esquema de arquivamento na estante Situação física Não pode ser emprestado Biblioteca de origem Biblioteca atual Data de aquisição Total de empréstimos Número de chamada completo Código de barras Data de último acesso Data do preço efetivo Tipo de material Koha
    Classificação Decimal de Dewey     ECB - SUDOESTE ECB - SUDOESTE 20/04/2022   IB Year 3 [E] CLA 00058322SSW 23/01/2024 23/01/2024 Textbook
    Classificação Decimal de Dewey     ECB - SUDOESTE ECB - SUDOESTE 20/04/2022   IB Year 3 [E] CLA 00058323SSW 23/01/2024 23/01/2024 Textbook
    Classificação Decimal de Dewey     ECB - SUDOESTE ECB - SUDOESTE 20/04/2022   IB Year 3 [E] CLA 00058324SSW 23/01/2024 23/01/2024 Textbook
    Classificação Decimal de Dewey     ECB - ÁGUAS CLARAS ECB - ÁGUAS CLARAS 28/04/2022   AIB Year 3 [E] CLA 00058484AGC 23/01/2024 23/01/2024 Textbook
    Classificação Decimal de Dewey     ECB - ÁGUAS CLARAS ECB - ÁGUAS CLARAS 28/04/2022   AIB Year 3 [E] CLA 00058485AGC 23/01/2024 23/01/2024 Textbook